Development and evaluation of a safeguards system concept for a pebble-fueled high temperature gas-cooled reactor /

Bibliographic Details
Main Author: Gitau, Ernest Travis Ngure
Other Authors: Charlton, William S. (Thesis advisor)
Format: Thesis eBook
Language:English
Published: [College Station, Tex.] : [Texas A&M University], [2012]
Subjects:
Online Access:Link to OAK Trust copy

MARC

Tag First Indicator Second Indicator Subfields
LEADER 00000cam a2200000Ka 4500
001 in00002781472
005 20150922142214.0
006 m fo d
007 cr unu||||||||
008 121112s2012 txu obm 000 0 eng d
035 |a (OCoLC)ocn817184821 
035 |a (OCoLC)817184821 
035 |a (TxCM)http://hdl.handle.net/1969.1/ETD-TAMU-2011-08-9868 
040 |a TXA  |c TXA  |d UtOrBLW 
049 |a TXAM 
099 |a 2011  |a Thesis  |a 1969.1/ETD-TAMU-2011-08-9868 
100 1 |a Gitau, Ernest Travis Ngure. 
245 1 0 |a Development and evaluation of a safeguards system concept for a pebble-fueled high temperature gas-cooled reactor /  |c by Ernest Travis Ngure Gitau. 
264 1 |a [College Station, Tex.] :  |b [Texas A&M University],  |c [2012] 
300 |a 1 online resource. 
336 |a text  |b txt  |2 rdacontent 
337 |a computer  |b c  |2 rdamedia 
338 |a online resource  |b cr  |2 rdacarrier 
500 |a "Major Subject: Nuclear Engineering" 
588 |a Description from author supplied metadata (automated record created 2012-10-22 13:24:58). 
502 |b Master of Science  |c Texas A&M University  |d 2011  |o http://hdl.handle.net/1969.1/ETD-TAMU-2011-08-9868 
504 |a Includes bibliographical references. 
516 |a Text (Thesis) 
520 3 |a Pebble-fueled high temperature gas-cooled reactor (HTGR) technology was first developed by the Federal Republic of Germany in the 1950s. More recently, the design has been embraced by the People's Republic of China and the Republic of South Africa. Unlike light water reactors that generate heat from fuel assemblies comprised of fuel rods, pebble-fueled HTGRs utilize thousands of 60-mm diameter fuel spheres (pebbles) comprised of thousands of TRISO particles. As this reactor type is deployed across the world, adequate methods for safeguarding the reactor must be developed. Current safeguards methods for the pebble-fueled HTGR focus on extensive, redundant containment and surveillance (C/S) measures or a combination of item-type and bulk-type material safeguards measures to deter and detect the diversion of fuel pebbles. The disadvantages to these approaches are the loss of continuity of knowledge (CoK) when C/S systems fail, or are compromised, and the introduction of material unaccounted for (MUF). Either vulnerability can be exploited by an adversary to divert fuel pebbles from the reactor system. It was determined that a solution to maintaining CoK is to develop a system to identify each fuel pebble that is inserted and removed from the reactor. Work was performed to develop and evaluate the use of inert microspheres placed in each fuel pebble, whose random placement could be used as a fingerprint to identify the fuel pebble. Ultrasound imaging of 1 mm zirconium oxide microspheres was identified as a possible imaging system and microsphere material for the new safeguards system concept. The system concept was evaluated, and it was found that a minimum of three microspheres are necessary to create enough random fingerprints for 10,000,000 pebbles. It was also found that, over the lifetime of the reactor, less than 0.01% of fuel pebbles can be expected to have randomly the same microsphere fingerprint. From an MCNP 5.1 model, it was determined that less than fifty microspheres in each pebble will have no impact on the reactivity or temperature coefficient of reactivity of the reactor system. Finally, using an ultrasound system it was found that ultrasound waves can penetrate thin layers of graphite to image the microsphere fingerprint. 
500 |a Electronic resource. 
650 4 |a Major Nuclear Engineering. 
653 |a nonproliferation 
653 |a PBMR 
653 |a nuclear safeguards 
653 |a pebble bed 
653 |a non-proliferation 
700 1 |a Charlton, William S.,  |e thesis advisor. 
856 4 0 |u http://hdl.handle.net/1969.1/ETD-TAMU-2011-08-9868  |z Link to OAK Trust copy  |t 0 
948 |a cataloged  |b h  |c 2012/11/12  |d o  |e jstorlie  |f 2:01:50 pm 
994 |a C0  |b TXA 
999 |a MARS 
999 f f |s 215b306d-f600-3c41-9205-d556741f1b47  |i 447d8371-796c-35ce-a036-334e61607760  |t 0 
952 f f |a Texas A&M University  |b College Station  |c Electronic Resources  |d Available Online  |t 0  |e 2011 Thesis 1969.1/ETD-TAMU-2011-08-9868  |h Other scheme 
998 f f |a 2011 Thesis 1969.1/ETD-TAMU-2011-08-9868  |t 0  |l Available Online